tous les personnages Naruto - Statistiques

Statistiques générales
  • Ce quiz a été pris 999 fois
    998 depuis la dernière actualisation
  • Le résultat moyen est 83 sur 150
Statistiques - réponses
numero Nom % Correct
77 A (3ème Raikage)
100%
76 A (4ème Raikage)
100%
1 Naruto
99%
5 Kakashi
98%
2 Sakura
98%
3 Sasuke
98%
11 Shikamaru
95%
12 Choji
94%
16 Hinata
94%
13 Ino
94%
7 Rock lee
93%
29 Tsunade (5ème Hokage)
93%
10 Gai
92%
63 Itachi
92%
33 Minato (4ème Hokage)
92%
8 Neji
92%
14 Asuma
91%
19 Gaara (5ème Kazekage)
91%
28 Jiraya
91%
27 Orochimaru
91%
9 Tenten
91%
17 Kiba
89%
31 Obito
89%
4 Sai
89%
36 Hashirama (1er Hokage)
88%
35 Madara
88%
15 Shino
88%
38 Tobirama (2ème Hokage)
88%
60 Deidara
87%
20 Temari
87%
30 Hiruzen (3ème Hokage)
86%
64 Kisame
84%
18 Kurenai
84%
59 Sasori
84%
21 Kankuro
82%
69 Konan
82%
67 Pain
82%
6 Yamato
82%
61 Hidan
81%
68 Nagato
81%
34 Kushina
79%
62 Kakuzu
78%
90 Dan
76%
43 Kabuto
75%
107 Kurama
75%
32 Rin
75%
98 Fu
74%
71 Killer bee
73%
41 Karin
72%
23 Konohamaru
72%
84 Danzo
70%
114 Zabuza
69%
96 Han
67%
79 Mei (5ème Mizukage)
66%
115 Haku
65%
42 Jugo
64%
40 Suigetsu
64%
54 Iruka
63%
109 Kaguya Otsutsuki
63%
92 Shisui Uchiwa
63%
123 Akamaru
60%
56 Shikaku
60%
70 Yahiko
60%
81 Mu (2ème Tsuchikage)
59%
91 Fugaku Uchiwa
58%
82 Onoki (3ème Tsuchikage)
56%
102 Son Goku
56%
22 Baki
55%
99 Shukaku
55%
26 Ebisu
54%
44 Kimimaro
54%
65 Zetsu Noir
53%
141 Chiyo
52%
74 Darui
52%
66 Zetsu Blanc
52%
57 Choza
51%
97 Utakata
51%
116 Gamabunta
50%
58 Inoichi
50%
110 Hagoromo Otsutsuki
49%
100 Matatabi
49%
55 Shizune
49%
51 Anko
48%
94 Yagura (4ème Mizukage)
48%
25 Udon
47%
112 Indra Otsutsuki
46%
24 Moegi
46%
73 Karui
45%
72 Omoi
45%
46 Tayuya
44%
105 Chomei
43%
47 Jirobo
43%
101 Isobu
41%
49 Sakon
41%
117 Gamakichi
40%
106 Gyuki
40%
87 Hanabi Hyuga
40%
134 Hanzo
40%
50 Ibiki
40%
78 Rasa (4ème Kazekage)
40%
113 Ashura Otsutsuki
39%
83 Chojuro
39%
39 Mito
39%
48 Ukon
39%
93 Yugito
39%
88 Hiashi Hyuga
38%
37 Izuna
38%
104 Saiken
38%
135 Ao
37%
108 Jubi
37%
45 Kidomaru
37%
124 Pakkun
37%
89 Hizashi Hyuga
36%
103 Kokuo
36%
95 Roshi
35%
75 Samui
34%
53 Hayate
32%
139 Sakumo Hatake
32%
122 Tonton
32%
80 Gengetsu (2ème Mizukage)
30%
52 Genma
30%
126 Katsuyu
30%
125 Manda
29%
86 Shibi Aburame
28%
119 Gamatatsu
27%
144 Kurotsuchi
27%
111 Hamura Otsutsuki
26%
133 Mifune
25%
128 Kotetsu
24%
145 Akatsuchi
23%
85 Torune
23%
142 Fukasaku
22%
129 Izumo
22%
148 Nawaki
21%
140 Aoba
20%
120 Gamaken
20%
149 Homura
18%
137 Teuchi
16%
132 Tsume Inuzuka
16%
127 Enma
15%
150 Koharu
15%
143 Shima
14%
138 Ayame
13%
131 Ebizo
13%
118 Gamamaru
12%
130 Motoi
11%
147 Yugao
10%
146 Kitsuchi
8%
136 Shiho
7%
121 Gerotora
6%
Aucun quiz correspondant
Distribution des résultats
% des personnes avec chaque résultat
Percentile par nombre de réponses
Votre historique - résultats
Vous n’avez pas pris ce quiz depuis la dernière actualisation